000 00671nam a2200205 i 4500
001 98376
003 ES-MaACL
005 20250815112207.0
007 t|
008 050728s1967 zzz ||||1| spa d
100 1 _aMartín, Alfred N.
_977261
245 1 0 _aPrincipios de físico-química para Farmacia y Biología /
_cpor Alfred N. Martín; [versión P. Sanz Pedrero y S. García Fernández].
260 _a[s.l. :
_bs.n.],
_c1967.
300 _aXX, 744 p. ;
_c25 cm.
650 7 _aQuímica física
_2embne
_9136798
700 1 _aSanz Pedrero, P.
_9103674
700 1 _aGarcía Fernández, Santiago.
_954603
852 _aES-MaACL
_jC-33234
999 _c98376
_d98376